New Zealand All Blacks Rugby - Northern Hemisphere Tour Captains - Statistics

General Stats
  • This quiz has been taken 123 times
    63 since last reset
  • The average score is 26 of 34
Answer Stats
Year(s) Countries Captain % Correct
2006 England, France, Wales Richard McCaw
100%
2008 Hong Kong, England, Scotland, Wales, Ireland (Grand Slam#3) Richard McCaw
100%
2009 Japan, Italy, Wales, England, France Richard McCaw
100%
2010 Hong Kong, England, Scotland, Wales, Ireland (Grand Slam #4) Richard McCaw
100%
2012 Scotland, Italy, Wales, England Richard McCaw
100%
2013 Japan, France, England, Ireland Richard McCaw
100%
2014 USA, England, Scotland, Wales Richard McCaw
100%
1993 England, Scotland Sean Fitzpatrick
100%
1995 Italy, France Sean Fitzpatrick
100%
2016 USA, Italy, Ireland, France Kieran Read
96%
2004 Italy, Wales, France, England Tana Umaga
90%
2005 Wales, England, Scotland, Ireland (Grand Slam #2) Tana Umaga
90%
2002 England, France, Wales Taine Randell
86%
1987 Japan Wayne Shelford
84%
1989 Canada, British Isles Wayne Shelford
84%
1990 France Gary Whetton
76%
1977 France Graham Mourie
74%
1978 British Isles (Grand Slam #1) Graham Mourie
74%
1979 England, Scotland, Italy Graham Mourie
74%
1980 Wales, North America Graham Mourie
74%
1981 Romania, France Graham Mourie
74%
2001 Ireland, Scotland, Argentina Anton Oliver
72%
1997 British Isles Justin Marshall
70%
1963-64 British Isles, France, Canada Wilson Whineray
68%
2000 France, Italy Todd Blackadder
66%
1967 British Isles, France, Canada Brian Lochore
64%
1983 England, Scotland Stu Wilson
64%
1905-06 British Isles, North America, France Dave Gallaher
60%
1972-73 British Isles, France, North America Ian Kirkpatrick
60%
1986 France Jock Hobbs
52%
1974 Ireland, Wales, England Andy Leslie
44%
1924-25 British Isles, Canada, Australia, France Cliff Porter
22%
1953-54 British Isles, Canada, France Bob Stuart
16%
1935-36 Britsh Isles and Canada Jack Manchester
16%
No matching quizzes found
Score Distribution
Percent of People with Each Score
Percentile by Number Answered
Your Score History
You have not taken this quiz since the last reset